000 00490nam a2200169Ia 4500
999 _c23332
_d23332
003 OSt
005 20200319112607.0
008 190216s9999||||xx |||||||||||||| ||und||
020 _a9788182666115
040 _coclc
082 _a954
_bNAI/M
100 _aNair, K Madhavan
_92075
245 0 _aMalabar Kalapam /
_cK Madhavan Nair
260 _bMathrubhumi Printing &publishing,
_c2016.
_aKozhikode:wer
300 _a270p
942 _cBK
_2ddc
_h954
_iNAI/M
_k954
_mNAI/M